The Boys Characters - Statistics

General Stats
  • This quiz has been taken 124 times
    118 since last reset
  • The average score is 18 of 23
Answer Stats
The Boys Answer % Correct
Leader of the Seven Homelander
100%
Known as 'Annie' Starlight
100%
Fastest man on Earth A-Train
98%
Main character Billy Butcher
98%
Comfortable in water The Deep
98%
Joins the Boys at the beginning of Season 1 Hughie
96%
The foreign one Frenchie
94%
Known as 'MM' Mother's Milk
94%
Invisible Translucent
94%
Queen Maeve
93%
Other member of the Seven Black Noir
92%
The female Kimiko
89%
Joined the Seven after death of character above Stormfront
83%
Kid with powers Ryan
80%
Wife of the main character Becca
78%
CEO of Vought International Stan Edgar
71%
Gets killed by one of the Seven in S01E01 Robin
66%
Assistant in S1, Senior vice president in S2 Ashley
65%
Can handle fire Lamplighter
65%
Girlfriend of fastest man on Earth Popclaw
65%
Vought’s senior vice president in Season 1 Madelyn Stillwell
62%
Good friend of the french character Cherie
31%
Deputy director of the CIA Susan
27%
No matching quizzes found
Score Distribution
Percent of People with Each Score
Percentile by Number Answered
Your Score History
You have not taken this quiz since the last reset